000 01006nam a22003017a 4500
001 BR0202870
003 BR-BrBNA
005 20230928101105.0
007 ta
008 230509b bl.||||| |||| 00| 0 por d
040 _aBR-BrBNA
_bpor
_cBiblioteca Nacional de Agricultura
041 _a(Por)
072 _aK10
_b3240
090 _ 3240 BR0202870
100 1 _aCarneiro, P.H.M. e
110 1 _aEscola Superior de Agricultura Luiz de Queiroz, Piracicaba, SP (Brasil)
_0Tese (Mestre em Ciências)
245 1 _aCaracterização florística, estrutural e da dinâmica da regeneração de espécies nativas em um povoamento comercial de Eucalyptus grandis em Itatinga, SP
260 3 _aPiracicaba, SP (Brasil):
_c2002.
300 _a131 p.
500 _aSummaries (Eng, Por); 43 ref.;
650 _aEUCALIPTO
650 _aESPÉCIE NATIVA
650 _aREGENERAÇÃO NATURAL
650 _aPOVOAMENTO FLORESTAL
650 _aSÃO PAULO
909 _a202309
_bLucia
_c55
_dLucia Elande
942 _cBK
999 _c64210
_d64210